Obálka
Pro půjčování e-knih musíte být přihlášeni.
Jak si půjčit online?

Zápisník alkoholičky /

Složitost cesty od závislosti na alkoholu k normálnímu životu popsala mladá autorka v autobiografickém románu založeném na svém úspěšném blogu, který získal cenu Magnesia Litera.

Uloženo v:
Hlavní autor: Duffková, Michaela, 1992- (Autor)
Další autoři: Šebestík, Martin (Autor), Dočkalová, Tereza, 1988- (Režisér), Dušková, Iveta, 1962- (Vypravěč-komentátor), Batěk, Pavel, 1975- (Vypravěč-komentátor), Písařík, Martin, 1979- (Vypravěč-komentátor)
Médium: E-audiokniha
Jazyk:Czech
Vydáno: Praha : Voxi, [2020]
Témata:
Tagy:
Žádné tagy
LEADER 05609nim a2201273 i 4500
001 313088
003 CZ PrSKC
005 20260601215735.0
007 sd fungnnmmned
008 200901t20202020xr nnnng ah n cze
015 |a cnb003244735 
024 3 |a 8594050430686 
040 |a ABA001  |b cze  |e rda 
043 |a e-xr--- 
045 |a y-y- 
072 7 |a 821.162.3-3  |x Česká próza  |2 Konspekt 
072 7 |a 929  |x Biografie  |2 Konspekt 
080 |a 821.162.3-32  |2 MRF 
080 |a 004.774.6-055.2  |2 MRF 
080 |a 316.344.6-056.83-055.2  |2 MRF 
080 |a 364.692:[663.51:615.015.6]  |2 MRF 
080 |a 615.851:613.81  |2 MRF 
080 |a 929  |2 MRF 
080 |a (437.3)  |2 MRF 
080 |a (0:82-322.6)  |2 MRF 
080 |a (0.034.2)004.774.6  |2 MRF 
080 |a (093.3)  |2 MRF 
080 |a (086.7)08  |2 MRF 
080 |a (086.76)  |2 MRF 
100 1 |a Duffková, Michaela,  |d 1992-  |7 xx0244531  |4 aut 
245 1 0 |a Zápisník alkoholičky /  |c Michaela Duffková 
264 1 |a Praha :  |b Voxi,  |c [2020] 
264 4 |c ©2020 
300 |a 1 audiodisk (5 hod., 59 min.) ;  |c 12 cm 
306 |a 055900 
336 |a mluvené slovo  |b spw  |2 rdacontent 
337 |a audio  |b s  |2 rdamedia 
338 |a audiodisk  |b sd  |2 rdacarrier 
344 |a digital  |b optical  |2 rda 
347 |a audio soubor  |b MP3  |2 rda 
500 |a Název z disku 
500 |a Copyright Albatros Media 
500 |a Nezkrácená audiokniha ve formátu MP3 
500 |a Podle stejnojmenné knihy vydané nakladatelstvím Motto v roce 2019 
508 |a Režie Martin Šebestík 
511 0 |a Čtou Tereza Dočkalová, Iveta Dušková, Pavel Batěk a Martin Písařík 
520 2 |a Složitost cesty od závislosti na alkoholu k normálnímu životu popsala mladá autorka v autobiografickém románu založeném na svém úspěšném blogu, který získal cenu Magnesia Litera.  |b Syrový román, jehož největšími plusy jsou otevřenost a upřímnost autorky, dokumentuje komplikovaný boj mladé ženy se závislostí na alkoholu. Inspirující osobní příběh ženy a zároveň matky, která dokázala povstat ze životního dna a v současnosti pracuje v centru prevence a léčby závislosti na alkoholu. 
600 1 7 |a Duffková, Michaela,  |d 1992-  |7 xx0244531  |2 czenas 
648 7 |a 20.-21. století  |7 ch462155  |2 czenas 
648 7 |a 21. století  |7 ch460559  |2 czenas 
650 0 7 |a blogerky  |7 ph954050  |z Česko  |y 20.-21. století  |2 czenas 
650 0 7 |a alkoholičky  |7 ph388323  |z Česko  |y 21. století  |2 czenas 
650 0 7 |a alkoholismus  |7 ph118354  |2 czenas 
650 0 7 |a protialkoholní terapie  |7 ph201881  |2 czenas 
655 7 |a české příběhy  |7 fd133973  |2 czenas 
655 7 |a autobiografické příběhy  |7 fd131891  |2 czenas 
655 7 |a blogy  |7 fd376279  |2 czenas 
655 7 |a deníky  |7 fd132006  |2 czenas 
655 7 |a audioknihy  |7 fd119452  |2 czenas 
655 7 |a kompaktní disky  |7 fd201991  |2 czenas 
700 1 |a Šebestík, Martin  |7 xx0089616  |4 drt 
700 1 |a Dočkalová, Tereza,  |d 1988-  |7 osa2012691423  |4 nrt 
700 1 |a Dušková, Iveta,  |d 1962-  |7 xx0134305  |4 nrt 
700 1 |a Batěk, Pavel,  |d 1975-  |7 pna2005274596  |4 nrt 
700 1 |a Písařík, Martin,  |d 1979-  |7 pna2008467011  |4 nrt 
900 |a ABA001  |b 21 
044 |a xr 
505 0 0 |t Uvod (3 min., 31 sek.) 
505 0 0 |t Prvni cast Muj pritel alkohol (9 min., 21 sek.) 
505 0 0 |t Sladke mladi aneb Jak to vsechno zacalo (3 min., 6 sek.) 
505 0 0 |t Muj dum, muj hrad (5 min., 25 sek.) 
505 0 0 |t Nova role (8 min., 0 sek.) 
505 0 0 |t Svatba (10 min., 39 sek.) 
505 0 0 |t Trable v raji (3 min., 54 sek.) 
505 0 0 |t Vanoce, Vanoce a psychiatri prichazeji (3 min., 52 sek.) 
505 0 0 |t Kontrola u psychiatricky (10 min., 49 sek.) 
505 0 0 |t Prvni narozeniny (2 min., 0 sek.) 
505 0 0 |t Sliby chyby (4 min., 59 sek.) 
505 0 0 |t Realita vsednich dni (5 min., 18 sek.) 
505 0 0 |t Kruta rana opilcova (3 min., 50 sek.) 
505 0 0 |t Vychodni Cechy (4 min., 38 sek.) 
505 0 0 |t Kocour neni doma, mysi maji pre (9 min., 27 sek.) 
505 0 0 |t To nemuzes (2 min., 4 sek.) 
505 0 0 |t Bud, anebo (5 min., 28 sek.) 
505 0 0 |t Tezke rozhodovani (2 min., 41 sek.) 
505 0 0 |t Vanoce (4 min., 28 sek.) 
505 0 0 |t Nemuzu (2 min., 49 sek.) 
505 0 0 |t Topim se (5 min., 39 sek.) 
505 0 0 |t Druha cast Detox a lecba (16 min., 49 sek.) 
505 0 0 |t Lecba krucek po krucku (28 min., 1 sek.) 
505 0 0 |t Treti cast Abstinence (4 min., 24 sek.) 
505 0 0 |t Sama doma (4 min., 22 sek.) 
505 0 0 |t Tata (18 min., 53 sek.) 
505 0 0 |t Paneboze, proc (34 min., 23 sek.) 
505 0 0 |t Rozlouceni (13 min., 57 sek.) 
505 0 0 |t Neco se chysta (11 min., 50 sek.) 
505 0 0 |t Pisu, tedy jsem (7 min., 30 sek.) 
505 0 0 |t S kuzi na trh (12 min., 2 sek.) 
505 0 0 |t Klid na bojisti (10 min., 30 sek.) 
505 0 0 |t Ja se nedam, ty me neporazis (11 min., 49 sek.) 
505 0 0 |t Vykroc pravou (3 min., 57 sek.) 
505 0 0 |t Takhle to nema byt (12 min., 53 sek.) 
505 0 0 |t Kazdemu zivot nalozi jen tolik, kolik unese (6 min., 14 sek.) 
505 0 0 |t Chci te zpatky (9 min., 9 sek.) 
505 0 0 |t Ctvrta cast Muj boj jinyma ocima (35 min., 6 sek.) 
505 0 0 |t Podekovani autorky (4 min., 43 sek.) 
910 |a RBIT002 
998 |d 354318  |a https://core.palmknihy.cz/api/books/354318/cover?sia8t4  |b https://core.palmknihy.cz/api/books/354318/cover/400?sia8t4  |c https://core.palmknihy.cz/api/books/354318/cover/50?sia8t4  |e 2032-12-31  |i 8594050430686  |l 21540  |q 49  |r 1  |s https://www.palmknihy.cz/kniha/354318  |t audiobook  |y 2020  |z 0 
999 |d 313086